Statistics for Highest Grossing Movies of 2005

Click here to take the quiz!

General Stats

  • This quiz has been taken 57 times
  • The average score is 11 of 50

Answer Stats

RankGrossMovieCompany% Correct
1$896,900,000Harry Potter and the Goblet of FireWarner Bros. Pictures
83%
2$848,800,000Star Wars: Episode III – Revenge of the Sith20th Century Fox – Lucasfilm
83%
9$375,200,000Batman BeginsWarner Bros. – DC Comics
79%
8$475,000,000Charlie and the Chocolate FactoryWarner Bros. Pictures
54%
42$117,200,000Corpse BrideWarner Bros. Pictures
50%
4$591,700,000War of the WorldsParamount Pictures – DreamWorks
50%
29$158,800,000Frank Miller's Sin CityDimension Films
42%
10$368,100,000HitchColumbia Pictures
42%
5$550,500,000King KongUniversal Pictures
42%
6$532,700,000MadagascarDreamWorks Pictures
42%
11$330,600,000Fantastic Four20th Century Fox – Marvel Studios
33%
7$478,200,000Mr. & Mrs. Smith20th Century Fox
33%
36$130,400,000MunichUniversal Pictures – DreamWorks
33%
31$147,700,000Saw IILions Gate Entertainment
29%
23$178,100,000Brokeback MountainFocus Features
25%
18$202,000,000Fun with Dick and JaneColumbia Pictures
25%
14$260,700,000Robots20th Century Fox – Blue Sky Studios
25%
20$192,600,000Wallace & Gromit: The Curse of the Were-RabbitAardman Features – DreamWorks
25%
15$230,900,000ConstantineWarner Bros. – DC Comics
21%
40$121,100,000Pride & PrejudiceFocus Features
21%
12$314,400,000Chicken LittleWalt Disney Pictures
17%
24$177,400,000The 40-Year-Old VirginUniversal Pictures
17%
3$745,000,000The Chronicles of Narnia: The Lion, the Witch, and the WardrobeWalt Disney Pictures
17%
17$211,700,000Kingdom of Heaven20th Century Fox
13%
21$190,300,000The Longest YardParamount – Columbia Pictures
13%
28$161,500,000The Ring TwoDreamWorks Pictures
13%
37$129,100,000Cheaper by the Dozen 220th Century Fox
8%
44$108,500,000Cinderella ManUniversal Pictures – Miramax
8%
16$223,400,000FlightplanTouchstone Pictures
8%
48$102,800,000Just Like HeavenDreamWorks Pictures
8%
27$162,200,000Memoirs of a GeishaColumbia Pictures – DreamWorks
8%
46$105,300,000The Brothers GrimmMetro-Goldwyn-Mayer – Dimension
8%
32$144,200,000The Exorcism of Emily RoseScreen Gems
8%
47$104,500,000The Hitchhiker's Guide to the GalaxyTouchstone Pictures
8%
26$162,900,000The IslandWarner Bros. – DreamWorks
8%
35$131,400,000BewitchedColumbia Pictures
4%
49$101,800,000Guess WhoColumbia Pictures
4%
33$144,100,000Herbie: Fully LoadedWalt Disney Pictures
4%
39$122,700,000Hide and Seek20th Century Fox
4%
38$127,400,000March of the PenguinsWarner Independent Pictures
4%
50$101,400,000Miss Congeniality 2: Armed and FabulousWarner Bros. Pictures
4%
30$154,700,000Monster-in-LawNew Line Cinema
4%
41$119,200,000SaharaParamount Pictures
4%
45$108,000,000The Amityville HorrorMetro-Goldwyn-Mayer
4%
43$111,100,000The Dukes of HazzardWarner Bros. Pictures
4%
25$162,900,000The InterpreterUniversal Pictures
4%
34$142,400,000The Legend of ZorroColumbia Pictures
4%
19$198,600,000The PacifierWalt Disney Pictures
4%
22$186,400,000Walk the Line20th Century Fox
4%
13$285,200,000Wedding CrashersNew Line Cinema
4%

Score Distribution

Percentile by Number Answered

Percent of People with Each Score

Your Score History

You have not taken this quiz